Efektívnosť zavádzania systémov manažérstva v organizáciách diplomová práca

Salvato in:
Dettagli Bibliografici
Autore principale: Halenárová, Mária, 1994-
Ente Autore: Obchodná fakulta EU. Katedra tovaroznalectva a kvality tovaru
Altri autori: Karkalíková, Marta
Natura: Libro
Lingua:slovacco
Pubblicazione: Bratislava 2018
Tags: Aggiungi Tag
Nessun Tag, puoi essere il primo ad aggiungerne!!

MARC

LEADER 00000nbm a2200000 4500
001 0243426
005 20180911135750.9
041 0 |a slo 
044 |a SK 
245 1 0 |a Efektívnosť zavádzania systémov manažérstva v organizáciách  |b diplomová práca  |c Mária Halenárová ; školiteľ: Marta Karkalíková 
264 1 |a Bratislava  |c 2018 
300 |a 79 s. 
100 1 |a Halenárová, Mária, 1994- 
700 1 |a Karkalíková, Marta 
710 2 |a Obchodná fakulta EU. Katedra tovaroznalectva a kvality tovaru